| 000 | 00494nam a2200193Ia 4500 | ||
|---|---|---|---|
| 008 | 170918s9999 xx 000 0 und d | ||
| 020 | _a9780545474047 | ||
| 050 | _bM621 2011 | ||
| 100 | _aMichalak, Jamie | ||
| 245 | _aJoe and Sparky, superstars! / | ||
| 245 | _cJamie Michalak ; illustrated by Frank Remkiewicz. | ||
| 260 | _aNew York : | ||
| 260 | _bScholastic, | ||
| 260 | _c2011 | ||
| 300 | _a37 pages : | ||
| 300 | _bcolored illustration ; | ||
| 300 | _c23cm. | ||
| 500 | _a270 | ||
| 999 |
_c341053 _d341053 |
||